Loading...
| History - European | 0 | 4 | 0 | 1 | 40 | 9 | 63.50 | 1 | 2 | 16.16 | 22.50 |
| Science - Other | 0 | 3 | 1 | 1 | 25 | 53 | 69.00 | 0 | 0 | 8.92 | 12.50 |
| Social Science | 0 | 2 | 0 | 1 | 20 | 57 | 79.50 | 0 | 2 | 5.57 | 14.73 |
| History - World | 0 | 2 | 0 | 0 | 20 | 22 | 58.00 | 0 | 1 | 9.94 | 12.50 |
| Religion | 0 | 2 | 0 | 0 | 20 | 38 | 61.50 | 0 | 1 | 8.41 | 12.50 |
| Current Events | 0 | 2 | 0 | 0 | 20 | 73 | 85.00 | 1 | 1 | 7.34 | 18.75 |
| Fine Arts - Classical Music | 0 | 1 | 0 | 0 | 10 | 47 | 47.00 | 0 | 0 | 5.77 | 6.25 |
| Mythology | 0 | 1 | 0 | 0 | 10 | 92 | 92.00 | 0 | 0 | 1.64 | 6.25 |
| Science - Physics | 0 | 1 | 0 | 1 | 10 | 111 | 111.00 | 0 | 0 | 0.09 | 1.25 |
| Science - Chemistry | 0 | 1 | 0 | 0 | 10 | 14 | 14.00 | 1 | 1 | 8.76 | 10.00 |
| Geography | 0 | 1 | 1 | 0 | 5 | 72 | 72.00 | 0 | 1 | 7.37 | 15.00 |
| History - American | 0 | 2 | 3 | 0 | 5 | 48 | 53.00 | 1 | 2 | 9.66 | 17.50 |
| Fine Arts - Other | 0 | 1 | 1 | 1 | 5 | 113 | 113.00 | 0 | 0 | 0.17 | 1.25 |